Statistics for Premier League Winning D Players

Click here to take the quiz!

General Stats

  • This quiz has been taken 14 times
  • The average score is 7 of 15

Answer Stats

Answer% Correct
David De Gea
100%
Kevin De Bruyne
93%
Didier Drogba
79%
Deco
64%
Lee Dixon
64%
Fabian Delph
64%
Dion Dublin
50%
Danilo
50%
Edin Dzeko
50%
Damien Duff
29%
Danny Drinkwater
21%
Martin Demichelis
21%
Brahim Diaz
21%
Ritchie De Laet
14%
Asier Del Horno
0%

Score Distribution

Percentile by Number Answered

Percent of People with Each Score

Your Score History

You have not taken this quiz